People, communication and organisation: a case study approach (Record no. 427864)

000 -LEADER
fixed length control field 00449cam a22001457a 4500
008 - FIXED-LENGTH DATA ELEMENTS--GENERAL INFORMATION
fixed length control field 180718b1984 xxu||||| |||| 00| 0 eng d
020 ## - INTERNATIONAL STANDARD BOOK NUMBER
International Standard Book Number 0080308384
082 ## - DEWEY DECIMAL CLASSIFICATION NUMBER
Classification number I5 C439
100 ## - MAIN ENTRY--PERSONAL NAME
Personal name Chilver, Joseph
245 ## - TITLE STATEMENT
Title People, communication and organisation: a case study approach
Statement of responsibility, etc. by Joseph Chilver
260 ## - PUBLICATION, DISTRIBUTION, ETC.
Place of publication, distribution, etc. Oxford
Name of publisher, distributor, etc. Pergamon
Date of publication, distribution, etc. 1984
300 ## - PHYSICAL DESCRIPTION
Extent viii, 218p
650 ## - SUBJECT ADDED ENTRY--TOPICAL TERM
Topical term or geographic name entry element Personnel management --Case studies
650 ## - SUBJECT ADDED ENTRY--TOPICAL TERM
Topical term or geographic name entry element Management --Case studies
Holdings
Withdrawn status Lost status Damaged status Not for loan Permanent Location Current Location Date acquired Full call number Barcode Date last seen Price effective from Koha item type
        Indian Institute of Public Administration Indian Institute of Public Administration 2009-11-30 I5 C439 60348 2018-07-21 2018-07-21 Book

Powered by Koha